Deltarune Characters - Statistics

General Stats
  • This quiz has been taken 499 times
  • The average score is 71 of 109
Answer Stats
Picture Answer % Correct
HERO_SWORD
99%
Kris Dreemurr
99%
HERO_AXE
98%
HERO_SCARF
98%
Ralsei
98%
Susie
98%
Lancer
96%
White Cloak
96%
Noelle Holiday
95%
Sans
95%
Serial Number Q5U4EX7YY2E9N
95%
Asgore Dreemurr
94%
King
94%
Mr. "Ant" Tenna
94%
Spamton G. Spamton
94%
Toriel Dreemurrr
94%
Berdly
93%
Jevil
93%
Gerson Boom
92%
Undyne
91%
Alphys
90%
Roaring Knight
90%
Titan
89%
Electro-Dasher
87%
Jackenstein
86%
Cat Mike
85%
Napstablook
85%
Small Mike
85%
Carol Holiday
84%
Rouxls Kaard
83%
Rudolph Holiday
83%
Monster Kid
82%
Cowboy Hat Mike
81%
Froggit
81%
Watercooler
81%
Annoying Dog
80%
Catty
78%
Dummy
77%
FRIEND
77%
Ms. Pipis
76%
Pipis
76%
Seam
75%
Shadow Mantle Holder
75%
Jockington
74%
Nubert
72%
Tasque
71%
Elnina
70%
Pippin
70%
Bratty
68%
Lanino
68%
Tasque Manager
68%
Maus
67%
Green Pippin
66%
Shadowguy
66%
Clover
65%
Father Alvin
64%
K_K
64%
Titan Spawn
64%
Trashy
64%
Hacker
63%
Hathy
63%
Head Hathy
63%
Sweet
63%
Mauswheel
62%
Ramb
62%
Cap'n
61%
Poppup
60%
Quiz Vortex
60%
Swatch
60%
Pizzapants
59%
Werewire
59%
Rudinn
58%
Rudinn Ranger
58%
K. Round
56%
Snowy
55%
Addison
52%
Jackenstein's Pumpkin
52%
Swatchling
52%
Werewerewire
49%
C. Round
48%
Miss Mizzle
48%
Bloxer
47%
Mizzle
46%
Virovirokun
46%
Shuttah
45%
Top Chef
44%
Thrash Machine
43%
Jigsawry
42%
Ambyu-Lance
41%
Guei
39%
Ponman
39%
Rabbick
39%
Jigsaw Joe
38%
Zapper
36%
Ribbick
33%
Bibliox
32%
Fire Extinguisher
32%
Malius
31%
Sound of Justice
29%
Kris Master
28%
Ralsei Master
28%
Susie Master
28%
Cuptain
27%
Organikk
27%
Plugboy
27%
Winglade
27%
Balthizard
23%
TP Master
23%
Wicabel
22%
No matching quizzes found
Score Distribution
Percent of People with Each Score
Percentile by Number Answered
Your Score History
You have not taken this quiz